Normal view MARC view
  • Turner, Fletcher and Essex

Entry Corporate Name

Number of records used in: 1

001 - CONTROL NUMBER

  • control field: 5392

003 - CONTROL NUMBER IDENTIFIER

  • control field: OSt

005 - DATE AND TIME OF LATEST TRANSACTION

  • control field: 20190806150242.0

008 - FIXED-LENGTH DATA ELEMENTS

  • fixed length control field: 071016n| acannaabn |n ana d

040 ## - CATALOGING SOURCE

  • Original cataloging agency: OSt
  • Transcribing agency: OSt

110 2# - HEADING--CORPORATE NAME

  • Corporate name or jurisdiction name as entry element: Turner, Fletcher and Essex

670 ## - SOURCE DATA FOUND

  • Source citation: Particulars of a freehold farm known as the Cork Hill Farm, Normanton...and a block of valuable freehold (part formerly copyhold) accommodation grass land...to be offered for sale by auction by Messrs. Turner, Fletcher and Essex in conjunction with Messrs. Walker, Walton and Hanson at the 'Saracen's Head' Hotel, Southwell on Thursday the 19th day of November 1936..., [1936]